| 000 | 00417nam a22001457a 4500 | ||
|---|---|---|---|
| 020 | _a9788131761663 | ||
| 040 | _cNust | ||
| 082 |
_a005.8 _bSTA |
||
| 100 |
_aWilliam Stallings _9669 |
||
| 245 |
_aCryptogrpahy and Network Security _bPrinciples and Practice |
||
| 250 | _a5th Edition | ||
| 260 |
_aNew Delhi: _bPearson Education Inc, _c2012. |
||
| 650 |
_aCryptogrpahy and Network Security _9124425 |
||
| 942 |
_2ddc _cBK |
||
| 999 |
_c610291 _d610291 |
||